|
|
|
|
| LEADER |
00750nab a2200205 i 4500 |
| 001 |
acta4473 |
| 005 |
20250825152515.0 |
| 008 |
161015s1996 hu o 000 hun d |
| 040 |
|
|
|a SZTE Egyetemi Kiadványok Repozitórium
|b hun
|
| 041 |
|
|
|a hun
|
| 100 |
1 |
|
|a Siket Zoltán
|
| 245 |
1 |
3 |
|a Az Arad-Csanádi Vasút rövid története
|h [elektronikus dokumentum] /
|c Siket Zoltán
|
| 260 |
|
|
|a Belvedere Meridionale
|b Szeged
|c 1996
|
| 300 |
|
|
|a 60-66
|
| 490 |
0 |
|
|a Belvedere Meridionale
|v 8 No. 1-2
|
| 650 |
|
4 |
|a Bölcsészettudományok
|
| 650 |
|
4 |
|a Történettudomány és régészet
|
| 695 |
|
|
|a Vasút története - Arad-Csanád
|
| 700 |
0 |
1 |
|a Nagy Tamás
|e aut
|
| 856 |
4 |
0 |
|u http://acta.bibl.u-szeged.hu/4473/1/belvedere_1996_001_002_060-066.pdf
|z Dokumentum-elérés
|